| 000 | 00671cab a2200241 4500 | ||
|---|---|---|---|
| 001 | ABS59300 | ||
| 008 | 090401t1998 xxu||||| |||| 00| 0 eng d | ||
| 035 | _a(Sirsi) u88561 | ||
| 041 | _aeng | ||
| 100 | _aSlatin, P, | ||
| 245 | _aRoll up the green | ||
| 260 | _c1998 | ||
| 350 | _a0 | ||
| 490 |
_aUrban Land _vAugust 1998, 60-63, 74-75(5) |
||
| 520 | _aLooks at golf courses as an investment vehicle and the new REIT offers due to be launched in 1998. | ||
| 650 | _aGOLF COURSES | ||
| 650 | _aPROPERTY INVESTMENT | ||
| 650 | _aREITS | ||
| 650 | _aUNITED STATES | ||
| 690 | _aPROPERTY-PROPERTY FINANCE AND INVESTMENT | ||
| 942 | _n0 | ||
| 948 | _c21/09/1998 | ||
| 999 |
_c55970 _d55970 |
||